000 00474nam a2200181Ia 4500
001 17971
005 20260306171556.0
008 260306s9999||||xx |||||||||||||| ||und||
041 _aESP
082 _aS 658.3
_bR76
100 _aRodriguez Porras, José María
_eAUT
245 0 _aEl factor humano en la empresa:
_bCurso de Gestión Empresarial 7
260 _c2001
300 _a207 páginas :
_c24 cm.
650 _aGEN
654 _aCAN
942 _cLIB
_dJUS
_fJUS
_2ddc
_n
999 _c17971
_d17971